000
00318nam a22001337a 4500
008
171027b xxu||||| |||| 00| 0 eng d
020
_a
9780536462626
041
_a
eng
080
_a
336
100
_a
55
101
_a
MEN
245
_a
FINANCIAL MANAGEMENT PRINCIPLES AND APPLICATIONS
_c
KEOWN,A.J
942
_2
udc
_c
BK
999
_c
36074
_d
36074